|
|
|
|
| LEADER |
00000naa2a2200000 4500 |
| 001 |
383663 |
| 005 |
20231101063146.0 |
| 035 |
|
|
|a (RuTPU)RU\TPU\prd\9547
|
| 090 |
|
|
|a 383663
|
| 100 |
|
|
|a 20021227a2002 k y0rusy50 ca
|
| 101 |
0 |
|
|a rus
|
| 102 |
|
|
|a RU
|
| 200 |
1 |
|
|a Отличия в оценках амплитуды, фазы и частоты для аналитического и комплексного представлений гауссова радиоимпульса
|f В. С. Соболев, Г. А. Кащеева
|
| 225 |
1 |
|
|a Оптико-физические измерения
|
| 320 |
|
|
|a Библиогр.: 6 назв.
|
| 461 |
|
1 |
|0 (RuTPU)RU\TPU\prd\1509
|x 0368-1025
|t Измерительная техника
|l Measurement Techniques
|o научно-технический журнал
|f Российская Федерация, Федеральное агентство по техническому регулированию и метрологии (Ростехрегулирование) (Госстандарт России)
|d 1940-1941, 1955-
|
| 463 |
|
1 |
|0 (RuTPU)RU\TPU\prd\6153
|t № 6
|v С. 29-33
|d 2002
|
| 610 |
1 |
|
|a амплитуды
|
| 610 |
1 |
|
|a фазы
|
| 610 |
1 |
|
|a частоты
|
| 610 |
1 |
|
|a отличия
|
| 610 |
1 |
|
|a оценка
|
| 610 |
1 |
|
|a сложные сигналы
|
| 610 |
1 |
|
|a гауссов радиоимпульс
|
| 610 |
1 |
|
|a преобразование Гильберта
|
| 675 |
|
|
|a 538
|v 3
|
| 700 |
|
1 |
|a Соболев
|b В. С.
|
| 701 |
|
1 |
|a Кащеева
|b Г. А.
|
| 801 |
|
1 |
|a RU
|b 63413507
|c 20021227
|g PSBO
|
| 801 |
|
2 |
|a RU
|b 63413507
|c 20121217
|g RCR
|
| 942 |
|
|
|c BK
|